00476nam a22001337a 4500003000500000038001800005082000800023100001900031245013000050264003300180650002800213700004400241856005700285NUST aNusrat Nadeem a200 aMunir, Wazaait aDyadic Effects of Intergenerational Support on Emotional Well-being of Older Parents & their Adult Children/cWazaait Munir,  aIslamabad:SS3H NUST,c2026. aMS-Clinical Psychology  aSupervisor: Dr. Sumara Masood Ul Hassan uhttp://10.250.8.41:8080/xmlui/handle/123456789/57836